000 00386 a2200145 4500
999 _c6680
_d6680
020 _a0194313807
050 _aPE1628 WEH 1998
100 _aWeimeir, S
_eeditor
245 _aOxford Worldpower dictionary /
_cS Weimeir
264 _aOxford:
_bOxford University press.,
_c1998
300 _a745 pages
500 _alncludes index
650 _aDictionary
942 _2lcc
_cREF
_h1628
_iWEH
_kPE